<?xml version="1.0" encoding="UTF-8"?>
<record
    xmlns:xsi="http://www.w3.org/2001/XMLSchema-instance"
    xsi:schemaLocation="http://www.loc.gov/MARC21/slim http://www.loc.gov/standards/marcxml/schema/MARC21slim.xsd"
    xmlns="http://www.loc.gov/MARC21/slim">

  <leader>02819cam a2200253   4500500</leader>
  <controlfield tag="005">20260524000253.0</controlfield>
  <datafield tag="041" ind1=" " ind2=" ">
    <subfield code="a">fre</subfield>
  </datafield>
  <datafield tag="042" ind1=" " ind2=" ">
    <subfield code="a">dc</subfield>
  </datafield>
  <datafield tag="100" ind1="1" ind2="0">
    <subfield code="a">Kubicek, Lorraine F.</subfield>
    <subfield code="e">author</subfield>
  </datafield>
  <datafield tag="700" ind1="1" ind2="0">
    <subfield code="a">Le Houezec-Jacquemain, Fr&#xE9;d&#xE9;rique</subfield>
    <subfield code="e">author</subfield>
  </datafield>
  <datafield tag="245" ind1="0" ind2="0">
    <subfield code="a">L'&#xE9;valuation des pratiques familiales de routine dans les trois premi&#xE8;res ann&#xE9;es de la vie</subfield>
  </datafield>
  <datafield tag="260" ind1=" " ind2=" ">
    <subfield code="c">2002.
							</subfield>
  </datafield>
  <datafield tag="500" ind1=" " ind2=" ">
    <subfield code="a">60</subfield>
  </datafield>
  <datafield tag="520" ind1=" " ind2=" ">
    <subfield code="a">R&#xE9;sum&#xE9;Les habitudes familiales peuvent procurer un contexte favorable au renforcement des relations parents-enfant en donnant des occasions r&#xE9;guli&#xE8;res aux uns et aux autres de se retrouver autour d&#x2019;un but commun, et de d&#xE9;velopper des modes d&#x2019;interaction adaptatifs et susceptibles d&#x2019;aider au d&#xE9;veloppement. Cet article d&#xE9;bute par une br&#xE8;ve discussion de la notion des interactions de soins (caregiving interactions), qui forment la base du d&#xE9;veloppement moral pr&#xE9;coce dans le contexte des habitudes familiales. Nous discutons ensuite nos tentatives d&#x2019;&#xE9;valuation des variations dans la pratique des habitudes familiales, en utilisant notre entretien des routines de soins (Caretaking Routines Interview, Kubicek et Emde, 1998). Et les b&#xE9;n&#xE9;fices potentiels de ces pratiques, en particulier en ce qui concerne les &#xE9;l&#xE9;ments de base de la moralit&#xE9; (les r&#xE8;gles, la r&#xE9;ciprocit&#xE9;, l&#x2019;empathie, et l&#x2019;internalisations des r&#xE8;gles). Du fait de ces b&#xE9;n&#xE9;fices, nous sugg&#xE9;rons que l&#x2019;&#xE9;tude des habitudes familiales m&#xE9;riterait plus d&#x2019;attention de la part des chercheurs et des cliniciens.</subfield>
  </datafield>
  <datafield tag="520" ind1=" " ind2=" ">
    <subfield code="a">Family routines can provide an ongoing context for strengthening the parent-child relationship by providing regular opportunities for parent and child to come together around a common goal and develop patterns of interaction that are adaptive and likely to enhance development. This report begins with a brief discussion of caregiving interactions that form a basis for early moral development in the context of family routines. We then go on to discuss our early efforts to assess variation in the practice of family routines with our Caretaking Routines Interview (Kubicek and Emde, 1998) and the potential benefits of such practices on child outcomes, particularly with regard to the basic features of morality (i.e., rules, reciprocity, empathy, and the internalization of standards). Given these potential benefits, we argue that the study of routines warrants more attention from researchers and clinicians alike.</subfield>
  </datafield>
  <datafield tag="690" ind1=" " ind2=" ">
    <subfield code="a">d&#xE9;veloppement moral</subfield>
  </datafield>
  <datafield tag="690" ind1=" " ind2=" ">
    <subfield code="a">habitudes familiales</subfield>
  </datafield>
  <datafield tag="690" ind1=" " ind2=" ">
    <subfield code="a">petite enfance</subfield>
  </datafield>
  <datafield tag="690" ind1=" " ind2=" ">
    <subfield code="a">family routines</subfield>
  </datafield>
  <datafield tag="690" ind1=" " ind2=" ">
    <subfield code="a">moral development</subfield>
  </datafield>
  <datafield tag="690" ind1=" " ind2=" ">
    <subfield code="a">toddlers</subfield>
  </datafield>
  <datafield tag="786" ind1="0" ind2=" ">
    <subfield code="n">Devenir | 14 | 4 | 2002-12-01 | p. 377-388 | 1015-8154</subfield>
  </datafield>
  <datafield tag="856" ind1="4" ind2="1">
    <subfield code="u">https://stm.cairn.info/revue-devenir-2002-4-page-377?lang=fr&amp;redirect-ssocas=7080</subfield>
  </datafield>
  <datafield tag="999" ind1=" " ind2=" ">
    <subfield code="c">2249103</subfield>
    <subfield code="d">2249102</subfield>
  </datafield>
</record>
